all WWE PPV's - Statistics

General Stats
  • This quiz has been taken 616 times
    608 since last reset
  • The average score is 20 of 44
Answer Stats
Answer % Correct
Wrestlemania
96%
royal Rumble
94%
Summerslam
90%
Survivor Series
87%
Elimination Chamber
81%
Backlash
79%
Money In the Bank
79%
TLC
77%
Hell in a Cell
76%
Extreme Rules
69%
Fastlane
64%
Night of Champions
60%
No Way Out
58%
No Mercy
57%
In Your House
54%
Payback
53%
Armageddon
49%
Cyber Sunday
45%
King of the Ring
44%
Bad Blood
39%
Unforgiven
39%
Battleground
38%
One Night Stand
38%
The great american Bash
38%
Over The Limit
37%
Vengeance
37%
Bragging Rights
34%
Judgment Day
34%
Taboo Tuesday
34%
Capitol Punishment
33%
Fatal 4-Way
31%
December to Dismember
28%
Breaking Point
27%
New Years Revolution
27%
Over the Edge
26%
Insurrextion
24%
Invasion
22%
Rebellion
22%
Fully Loaded
20%
One Night Only
16%
Capital Carnage
15%
This Tuesday in Texas
15%
No holds Barred
11%
The Wrestling Classic
9%
No matching quizzes found
Score Distribution
Percent of People with Each Score
Percentile by Number Answered
Your Score History
You have not taken this quiz since the last reset